Supermercados España - Estadísticas

Estadísticas generales
  • Esta prueba ha sido intentada 842 veces
  • La puntuación promedio es 9 de 25
Estadísticas de respuestas
Respuestas % Correcto
Mercadona
99%
Carrefour
88%
Lidl
84%
Dia
83%
Aldi
80%
Alcampo
64%
Eroski
61%
Consum
39%
Coviran
36%
Ahorramás
33%
SuperCor
31%
Gadis
26%
Spar
25%
Lupa
19%
BM
18%
Froiz
17%
Masymás
17%
Alimerka
15%
Condis
14%
Bon Àrea
13%
DinoSol
13%
Bonpreu
10%
Family Cash
10%
E.Leclerc
5%
Hiber
4%
No se encontraron pruebas coincidentes
Distribución de puntuación
Porcentaje de gente con cada puntuación
Porcentaje por número respondido
Historial de tus puntuaciones
No has intentado esta prueba.